Vademecum de mecanica de fluidos y maquinas hidraulicas
| Format: | Section = Libro |
|---|---|
| Language: | Undetermined Spanish |
| Published: |
España
CPDA
1983
|
| Edition: | 2a.ed. |
| Subjects: |
| LEADER | 00467nam a2200181Ia 4500 | ||
|---|---|---|---|
| 008 | 240830s9999 xx 000 0 und d | ||
| 040 | |a CEDOC FIQ-RUSB / 532 V123 | ||
| 041 | |a spa | ||
| 082 | |a 532 V123 | ||
| 245 | 1 | 0 | |a Vademecum de mecanica de fluidos y maquinas hidraulicas |
| 250 | |a 2a.ed. | ||
| 260 | |a España |b CPDA |c 1983 | ||
| 300 | |a 117 p. :il | ||
| 650 | 7 | |a MECANICA DE FLUIDOS | |
| 650 | 7 | |b MAQUINAS HIDRAULICAS | |
| 942 | |c BK |2 ddc | ||
| 991 | |a TEXTO | ||
| 999 | |c 13567 | ||